MARC

LEADER 00000nam0a2200000 4500
001 26294
005 20250211063204.0
035 |a (RuTPU)RU\TPU\book\26536 
035 |a BOOK00026611 
090 |a 26294 
100 |a 20011209d1992 k y0rusy50 ca 
101 0 |a rus 
102 |a RU 
105 |a a z 000zy 
200 1 |a Управление электроэнергетическими системами  |f Московский энергетический институт (Технический университет) (МЭИ(ТУ)) 
210 |a Москва  |c Изд-во МЭИ  |d 1992 
215 |a 150 с.  |c ил. 
225 1 |a Труды Московского энергетического института (МЭИ)  |v Вып. 649 
500 1 0 |a Труды Московского энергетического института  |9 88841 
610 1 |a электроэнергетика 
610 1 |a электроэнергетические системы 
610 1 |a исследование 
610 1 |a методы 
610 1 |a алгоритмы 
610 1 |a программы 
610 1 |a диспетчеризация 
610 1 |a труды 
675 |a 621.31-5  |v 3 
712 0 2 |a Московский энергетический институт (Технический университет) (МЭИ(ТУ))  |3 (RuTPU)RU\TPU\col\122 
801 0 |a RU  |b 63413507  |c 20011209  |g PSBO 
801 2 |a RU  |b 63413507  |c 20170428  |g PSBO 
942 |c BK